[Event "DVM U12w 2024"]
[Site "Bad Homburg GER"]
[Date "2024.12.27"]
[Round "2"]
[White "Elsayed Esam, Sally"]
[Black "Kuznetsova, Sofia"]
[Result "1-0"]
[Termination "normal"]
[Board "8.3"]
[WhiteElo "1563"]
[BlackElo "926"]
[WhiteClock "01:18:07"]
[BlackClock "01:22:31"]
[WhiteTeam "USV TU Dresden"]
[BlackTeam "SF Brackel 1930"]
[PlyCount "125"]
[WhiteFideId "34662170"]
[BlackFideId "34693653"]
[EventCountry "GER"]
[EventRounds "7"]
[EventType "team-swiss"]
[EventDate "2024.12.26"]

1. d4 {[%clk 01:30:59]} d5 {[%clk 01:30:55]} {[%emt 00:00:06]} 2. Nf3 {[%clk
01:31:13]} {[%emt 00:00:15]} Nc6 {[%clk 01:31:14]} {[%emt 00:00:11]} 3. g3
{[%clk 01:31:26]} {[%emt 00:00:17]} Bf5 {[%clk 01:31:30]} {[%emt 00:00:14]} 4.
Bg2 {[%clk 01:31:44]} {[%emt 00:00:12]} Nf6 {[%clk 01:31:36]} {[%emt 00:00:26]}
5. O-O {[%clk 01:32:05]} {[%emt 00:00:09]} e6 {[%clk 01:31:58]} {[%emt
00:00:08]} 6. e3 {[%clk 01:32:05]} {[%emt 00:00:29]} h6 {[%clk 01:31:33]}
{[%emt 00:00:56]} 7. b3 {[%clk 01:32:23]} {[%emt 00:00:11]} Bb4 {[%clk
01:31:51]} {[%emt 00:00:12]} 8. Bb2 {[%clk 01:32:05]} {[%emt 00:00:48]} O-O
{[%clk 01:32:12]} {[%emt 00:00:09]} 9. c3 {[%clk 01:32:01]} {[%emt 00:00:34]}
Bd6 {[%clk 01:32:28]} {[%emt 00:00:14]} 10. Nbd2 {[%clk 01:32:14]} {[%emt
00:00:17]} Re8 {[%clk 01:32:10]} {[%emt 00:00:49]} 11. c4 {[%clk 01:31:55]}
{[%emt 00:00:49]} Bd3 {[%clk 01:25:03]} {[%emt 00:07:37]} 12. Re1 {[%clk
01:31:25]} {[%emt 00:00:59]} Nb4 {[%clk 01:25:23]} {[%emt 00:00:10]} 13. Bf1
{[%clk 01:27:02]} {[%emt 00:04:53]} Nc2 {[%clk 01:23:02]} {[%emt 00:02:51]} 14.
Bxd3 {[%clk 01:27:16]} {[%emt 00:00:16]} Nxe1 {[%clk 01:23:14]} {[%emt
00:00:19]} 15. Qxe1 {[%clk 01:27:40]} {[%emt 00:00:05]} c6 {[%clk 01:23:31]}
{[%emt 00:00:13]} 16. e4 {[%clk 01:23:23]} {[%emt 00:04:47]} dxe4 {[%clk
01:19:54]} {[%emt 00:04:06]} 17. Nxe4 {[%clk 01:23:14]} {[%emt 00:00:39]} Nxe4
{[%clk 01:20:00]} {[%emt 00:00:24]} 18. Qxe4 {[%clk 01:21:46]} {[%emt
00:01:59]} f5 {[%clk 01:19:05]} {[%emt 00:01:25]} 19. Qe3 {[%clk 01:17:38]}
{[%emt 00:04:37]} b6 {[%clk 01:16:32]} {[%emt 00:03:03]} 20. c5 {[%emt
00:06:18]} bxc5 {[%clk 01:15:53]} {[%emt 00:01:06]} 21. dxc5 {[%clk 01:12:02]}
{[%emt 00:00:20]} Bxc5 {[%clk 01:16:14]} {[%emt 00:00:10]} 22. Qxc5 {[%clk
01:11:35]} {[%emt 00:00:56]} Qxd3 {[%clk 01:16:34]} {[%emt 00:00:10]} 23. Qe5
{[%clk 01:10:38]} {[%emt 00:01:28]} Re7 {[%clk 01:16:06]} {[%emt 00:00:58]} 24.
Nh4 {[%clk 01:10:50]} {[%emt 00:00:18]} Qd5 {[%clk 01:14:02]} {[%emt 00:02:34]}
25. Ng6 {[%clk 01:10:44]} {[%emt 00:00:36]} Qxe5 {[%clk 01:13:45]} {[%emt
00:00:47]} 26. Nxe7+ {[%clk 01:11:07]} {[%emt 00:00:07]} Kf7 {[%clk 01:13:23]}
{[%emt 00:00:52]} 27. Bxe5 {[%clk 01:11:29]} {[%emt 00:00:08]} Kxe7 {[%clk
01:13:45]} {[%emt 00:00:09]} 28. Bxg7 {[%clk 01:10:01]} {[%emt 00:01:58]} h5
{[%clk 01:13:24]} {[%emt 00:00:50]} 29. Rd1 {[%clk 01:10:05]} {[%emt 00:00:24]}
Rg8 {[%clk 01:12:58]} {[%emt 00:00:58]} 30. Bd4 {[%clk 01:10:11]} {[%emt
00:00:24]} Rd8 {[%clk 01:12:42]} {[%emt 00:00:47]} 31. Bc5+ {[%clk 01:10:28]}
{[%emt 00:00:12]} Ke8 {[%clk 01:12:53]} {[%emt 00:00:20]} 32. Rxd8+ {[%clk
01:10:48]} {[%emt 00:00:09]} Kxd8 {[%clk 01:13:18]} {[%emt 00:00:05]} 33. Bxa7
{[%clk 01:10:58]} {[%emt 00:00:19]} Kc7 {[%clk 01:13:39]} {[%emt 00:00:11]} 34.
Kg2 {[%clk 01:10:55]} {[%emt 00:00:33]} Kb7 {[%clk 01:14:01]} {[%emt 00:00:07]}
35. Be3 {[%clk 01:11:17]} {[%emt 00:00:08]} Ka6 {[%clk 01:14:25]} {[%emt
00:00:06]} 36. Kh3 {[%clk 01:11:35]} {[%emt 00:00:12]} Kb5 {[%clk 01:14:42]}
{[%emt 00:00:13]} 37. Kh4 {[%clk 01:11:26]} {[%emt 00:00:39]} Kb4 {[%clk
01:15:02]} {[%emt 00:00:10]} 38. Kxh5 {[%clk 01:11:46]} {[%emt 00:00:10]} Ka3
{[%clk 01:15:28]} {[%emt 00:00:05]} 39. h4 {[%clk 01:12:01]} {[%emt 00:00:15]}
Kxa2 {[%clk 01:14:50]} {[%emt 00:01:07]} 40. Kg6 {[%clk 01:12:20]} {[%emt
00:00:12]} Kxb3 {[%clk 01:15:11]} {[%emt 00:00:09]} 41. h5 {[%clk 01:12:41]}
{[%emt 00:00:09]} Kb4 {[%clk 01:15:35]} {[%emt 00:00:05]} 42. h6 {[%clk
01:13:04]} {[%emt 00:00:07]} c5 {[%clk 01:16:02]} {[%emt 00:00:04]} 43. Bxc5+
{[%clk 01:13:24]} {[%emt 00:00:08]} Kxc5 {[%clk 01:16:26]} 44. h7 {[%clk
01:13:47]} {[%emt 00:00:14]} Kd4 {[%clk 01:16:49]} {[%emt 00:00:07]} 45. h8=Q+
{[%clk 01:14:05]} {[%emt 00:00:12]} Ke4 {[%clk 01:17:02]} {[%emt 00:00:17]} 46.
Qh4+ {[%clk 01:14:05]} {[%emt 00:00:30]} Kf3 {[%clk 01:17:25]} {[%emt
00:00:08]} 47. Qf4+ {[%clk 01:13:59]} {[%emt 00:00:35]} Kg2 {[%clk 01:17:44]}
{[%emt 00:00:12]} 48. Kf6 {[%clk 01:14:16]} {[%emt 00:00:13]} e5 {[%clk
01:18:00]} {[%emt 00:00:15]} 49. Kxe5 {[%clk 01:14:34]} {[%emt 00:00:11]} Kg1
{[%clk 01:18:20]} {[%emt 00:00:10]} 50. Qxf5 {[%clk 01:14:53]} {[%emt
00:00:11]} Kg2 {[%clk 01:18:40]} {[%emt 00:00:10]} 51. g4 {[%clk 01:15:11]}
{[%emt 00:00:13]} Kf1 {[%clk 01:18:59]} {[%emt 00:00:10]} 52. g5 {[%clk
01:15:31]} {[%emt 00:00:10]} Kg1 {[%clk 01:19:21]} {[%emt 00:00:08]} 53. g6
{[%clk 01:15:53]} {[%emt 00:00:09]} Kg2 {[%clk 01:19:45]} {[%emt 00:00:05]} 54.
g7 {[%clk 01:16:10]} {[%emt 00:00:14]} Kf1 {[%clk 01:20:03]} {[%emt 00:00:12]}
55. g8=Q {[%clk 01:16:33]} {[%emt 00:00:08]} Ke1 {[%clk 01:20:24]} {[%emt
00:00:08]} 56. Qa2 {[%clk 01:16:48]} Kf1 {[%clk 01:20:44]} {[%emt 00:00:26]}
57. Qff7 {[%clk 01:16:44]} {[%emt 00:00:33]} Kg2 {[%clk 01:21:07]} {[%emt
00:00:08]} 58. Qfc4 {[%clk 01:17:03]} Kh3 {[%clk 01:21:07]} 59. f4 {[%clk
01:17:03]} Kg3 {[%clk 01:21:07]} 60. f5 {[%clk 01:17:20]} {[%emt 00:00:34]} Kf3
{[%clk 01:21:47]} {[%emt 00:00:10]} 61. Qa3+ {[%clk 01:17:43]} {[%emt
00:00:06]} Kf2 {[%clk 01:22:11]} {[%emt 00:00:06]} 62. Qc2+ {[%clk 01:17:43]}
{[%emt 00:00:30]} Kf1 {[%clk 01:22:31]} {[%emt 00:00:10]} 63. Qa1# {[%clk
01:18:07]} {[%emt 00:00:06]} 1-0

[Event "DVM U12w 2024"]
[Site "Bad Homburg GER"]
[Date "2024.12.27"]
[Round "2"]
[White "Zietz, Leni"]
[Black "Dennhardt, Mira"]
[Result "1-0"]
[Termination "normal"]
[Board "9.4"]
[WhiteElo "1071"]
[BlackElo "830"]
[WhiteClock "01:06:28"]
[BlackClock "00:48:32"]
[WhiteTeam "SAV Torgelow-Drögeheide 90"]
[BlackTeam "SG Leipzig"]
[PlyCount "175"]
[WhiteFideId "533025886"]
[BlackFideId "533025975"]
[EventCountry "GER"]
[EventRounds "7"]
[EventType "team-swiss"]
[EventDate "2024.12.26"]

1. d4 {[%clk 01:30:58]} {[%emt 00:00:01]} d6 {[%clk 01:30:40]} {[%emt
00:00:20]} 2. e4 {[%clk 01:31:16]} {[%emt 00:00:12]} Nc6 {[%clk 01:29:51]}
{[%emt 00:01:19]} 3. Nf3 {[%clk 01:31:28]} {[%emt 00:00:18]} Bg4 {[%clk
01:29:11]} {[%emt 00:01:10]} 4. Be2 {[%clk 01:31:16]} {[%emt 00:00:43]} Nf6
{[%clk 01:29:02]} {[%emt 00:00:39]} 5. Nc3 {[%clk 01:31:21]} {[%emt 00:00:24]}
e5 {[%clk 01:28:52]} {[%emt 00:00:38]} 6. O-O {[%clk 01:30:27]} {[%emt
00:01:26]} Be7 {[%clk 01:29:00]} {[%emt 00:00:22]} 7. Bg5 {[%clk 01:29:42]}
{[%emt 00:01:14]} O-O {[%clk 01:28:21]} {[%emt 00:01:09]} 8. h3 {[%clk
01:28:32]} {[%emt 00:01:40]} Bh5 {[%clk 01:27:20]} {[%emt 00:01:30]} 9. d5
{[%clk 01:26:08]} {[%emt 00:02:56]} Nd4 {[%clk 01:26:51]} {[%emt 00:00:58]} 10.
Nxd4 {[%clk 01:25:08]} {[%emt 00:01:30]} Bxe2 {[%clk 01:26:29]} {[%emt
00:00:52]} 11. Ndxe2 {[%clk 01:25:21]} {[%emt 00:00:17]} h6 {[%clk 01:26:19]}
{[%emt 00:00:40]} 12. Bxf6 {[%clk 01:24:57]} {[%emt 00:00:54]} Bxf6 {[%clk
01:26:04]} {[%emt 00:00:45]} 13. Ng3 {[%clk 01:24:38]} {[%emt 00:00:49]} Rb8
{[%clk 01:24:03]} {[%emt 00:02:31]} 14. Nf5 {[%clk 01:24:25]} {[%emt 00:00:43]}
Bg5 {[%clk 01:21:49]} {[%emt 00:02:44]} 15. Ne2 {[%clk 01:22:14]} {[%emt
00:02:41]} g6 {[%clk 01:21:53]} {[%emt 00:00:25]} 16. Nfg3 {[%clk 01:21:59]}
{[%emt 00:00:42]} Bf4 {[%clk 01:21:54]} {[%emt 00:00:32]} 17. c4 {[%clk
01:20:40]} {[%emt 00:01:49]} Bxg3 {[%clk 01:22:03]} {[%emt 00:00:22]} 18. Nxg3
{[%clk 01:20:56]} {[%emt 00:00:13]} Qd7 {[%clk 01:19:41]} {[%emt 00:02:52]} 19.
Qd2 {[%clk 01:20:33]} {[%emt 00:00:54]} Kg7 {[%clk 01:19:18]} {[%emt 00:00:53]}
20. b4 {[%clk 01:20:17]} {[%emt 00:00:46]} Rbc8 {[%clk 01:17:13]} {[%emt
00:02:33]} 21. f4 {[%clk 01:19:55]} {[%emt 00:00:52]} c5 {[%clk 01:16:51]}
{[%emt 00:00:52]} 22. f5 {[%clk 01:19:06]} {[%emt 00:01:20]} g5 {[%clk
01:15:45]} {[%emt 00:01:37]} 23. Nh5+ {[%clk 01:19:15]} {[%emt 00:00:20]} Kh8
{[%clk 01:15:33]} {[%emt 00:00:42]} 24. Rab1 {[%clk 01:18:32]} {[%emt
00:01:14]} b6 {[%clk 01:12:57]} {[%emt 00:03:06]} 25. f6 {[%clk 01:18:09]}
{[%emt 00:00:53]} a5 {[%clk 01:12:53]} {[%emt 00:00:34]} 26. bxa5 {[%clk
01:18:16]} {[%emt 00:00:22]} bxa5 {[%clk 01:13:20]} {[%emt 00:00:03]} 27. Qf2
{[%clk 01:18:13]} {[%emt 00:00:33]} Qa4 {[%clk 01:12:29]} {[%emt 00:01:16]} 28.
Rb2 {[%clk 01:16:27]} {[%emt 00:02:20]} Qxc4 {[%clk 01:12:38]} {[%emt
00:00:21]} 29. Qf3 {[%clk 01:15:57]} {[%emt 00:00:59]} Qd4+ {[%clk 01:11:48]}
{[%emt 00:01:20]} 30. Rff2 {[%clk 01:13:03]} {[%emt 00:03:24]} c4 {[%clk
01:10:00]} {[%emt 00:02:18]} 31. Kf1 {[%clk 01:12:10]} {[%emt 00:01:15]} c3
{[%clk 01:10:07]} {[%emt 00:00:31]} 32. Rbc2 {[%clk 01:12:16]} {[%emt
00:00:24]} Rb8 {[%clk 01:07:40]} {[%emt 00:02:57]} 33. Rxc3 {[%clk 01:11:34]}
{[%emt 00:01:11]} Rb1+ {[%clk 01:07:45]} {[%emt 00:00:25]} 34. Ke2 {[%clk
01:11:24]} {[%emt 00:00:41]} Qd1+ {[%clk 01:05:22]} {[%emt 00:02:53]} 35. Ke3
{[%clk 01:11:13]} {[%emt 00:00:40]} Qe1+ {[%clk 01:05:16]} {[%emt 00:00:38]}
36. Kd3 {[%clk 01:10:44]} {[%emt 00:00:59]} Rd1+ {[%clk 01:02:15]} {[%emt
00:03:31]} 37. Kc2 {[%clk 01:10:43]} {[%emt 00:00:31]} Rb8 {[%clk 01:00:21]}
{[%emt 00:02:19]} 38. Qxd1 {[%clk 01:10:48]} {[%emt 00:00:29]} Qxf2+ {[%clk
01:00:39]} {[%emt 00:00:12]} 39. Kd3 {[%clk 01:08:45]} {[%emt 00:02:30]} Qd4+
{[%clk 01:00:37]} {[%emt 00:00:33]} 40. Kc2 {[%clk 01:08:44]} {[%emt 00:00:34]}
Rb2+ {[%clk 00:59:53]} {[%emt 00:01:14]} 41. Kxb2 {[%clk 01:08:00]} {[%emt
00:01:14]} Qxd1 {[%clk 01:00:02]} {[%emt 00:00:21]} 42. Rc8+ {[%clk 01:07:30]}
{[%emt 00:00:59]} Kh7 {[%clk 01:00:09]} {[%emt 00:00:22]} 43. g4 {[%clk
01:06:46]} {[%emt 00:01:16]} a4 {[%clk 00:59:31]} {[%emt 00:01:08]} 44. Ng7
{[%clk 01:06:31]} {[%emt 00:00:45]} Qd4+ {[%clk 00:59:26]} {[%emt 00:00:34]}
45. Ka3 {[%clk 01:06:04]} {[%emt 00:00:52]} Qxe4 {[%clk 00:59:07]} {[%emt
00:00:53]} 46. Nf5 {[%clk 01:06:13]} {[%emt 00:00:23]} Qf4 {[%clk 00:58:58]}
{[%emt 00:00:36]} 47. Nxd6 {[%clk 01:05:31]} {[%emt 00:01:15]} Qxf6 {[%clk
00:58:16]} {[%emt 00:01:02]} 48. Nf5 {[%clk 01:05:29]} {[%emt 00:00:42]} e4
{[%clk 00:56:51]} {[%emt 00:01:54]} 49. d6 {[%clk 01:04:11]} {[%emt 00:01:48]}
Qe6 {[%clk 00:56:54]} {[%emt 00:00:21]} 50. Rc3 {[%clk 01:02:54]} {[%emt
00:01:49]} Kg6 {[%clk 00:55:21]} {[%emt 00:02:07]} 51. Kxa4 {[%clk 01:02:46]}
{[%emt 00:00:38]} h5 {[%clk 00:55:44]} {[%emt 00:00:07]} 52. Rc6 {[%clk
01:02:36]} {[%emt 00:00:30]} Qd7 {[%clk 00:54:38]} {[%emt 00:01:46]} 53. Kb5
{[%clk 01:02:16]} {[%emt 00:00:50]} hxg4 {[%clk 00:51:25]} {[%emt 00:03:43]}
54. hxg4 {[%clk 01:02:35]} {[%emt 00:00:10]} Kf6 {[%clk 00:50:34]} {[%emt
00:01:21]} 55. a4 {[%clk 01:02:14]} {[%emt 00:00:53]} Ke6 {[%clk 00:50:10]}
{[%emt 00:00:53]} 56. a5 {[%clk 01:02:12]} {[%emt 00:00:33]} Qd8 {[%clk
00:48:45]} {[%emt 00:01:54]} 57. Rc7 {[%clk 01:00:59]} {[%emt 00:01:44]} Ke5
{[%clk 00:47:40]} {[%emt 00:01:34]} 58. Kb6 {[%clk 01:01:09]} {[%emt 00:00:20]}
Kf4 {[%clk 00:47:31]} {[%emt 00:00:40]} 59. d7 {[%clk 01:00:59]} {[%emt
00:00:40]} Kxg4 {[%clk 00:47:39]} {[%emt 00:00:21]} 60. Ne3+ {[%clk 01:00:58]}
{[%emt 00:00:32]} Kf3 {[%clk 00:47:30]} {[%emt 00:00:39]} 61. Nc2 {[%clk
01:01:18]} {[%emt 00:00:10]} g4 {[%clk 00:47:16]} {[%emt 00:00:44]} 62. Kc6
{[%clk 01:01:16]} {[%emt 00:00:32]} Qf6+ {[%clk 00:47:08]} {[%emt 00:00:38]}
63. Kb7 {[%clk 01:01:21]} {[%emt 00:00:26]} Qd8 {[%clk 00:46:37]} {[%emt
00:01:01]} 64. Nd4+ {[%clk 01:00:46]} {[%emt 00:01:04]} Kf4 {[%clk 00:46:33]}
{[%emt 00:00:33]} 65. Nc6 {[%clk 01:00:55]} {[%emt 00:00:23]} Qg8 {[%clk
00:45:50]} {[%emt 00:01:13]} 66. d8=Q {[%clk 01:01:03]} {[%emt 00:00:21]} Qxd8
{[%clk 00:45:54]} {[%emt 00:00:26]} 67. Nxd8 {[%clk 01:01:13]} {[%emt
00:00:20]} g3 {[%clk 00:45:38]} {[%emt 00:00:11]} 68. Rxf7+ {[%clk 01:01:08]}
{[%emt 00:01:10]} Ke3 {[%clk 00:45:56]} {[%emt 00:00:11]} 69. Ne6 {[%clk
01:01:05]} {[%emt 00:00:34]} g2 {[%clk 00:46:24]} {[%emt 00:00:02]} 70. Rg7
{[%clk 01:01:24]} {[%emt 00:00:10]} Kf2 {[%clk 00:46:46]} {[%emt 00:00:08]} 71.
Rxg2+ {[%clk 01:01:51]} {[%emt 00:00:03]} Kxg2 {[%clk 00:46:39]} {[%emt
00:00:38]} 72. Nd4 {[%clk 01:01:49]} {[%emt 00:00:32]} e3 {[%clk 00:46:52]}
{[%emt 00:00:17]} 73. Kc6 {[%clk 01:01:10]} {[%emt 00:01:09]} Kg3 {[%clk
00:46:51]} {[%emt 00:00:30]} 74. Kd5 {[%clk 01:01:31]} {[%emt 00:00:10]} Kf4
{[%clk 00:46:56]} {[%emt 00:00:24]} 75. a6 {[%clk 01:01:55]} {[%emt 00:00:08]}
Kg3 {[%clk 00:46:32]} {[%emt 00:00:52]} 76. a7 {[%emt 00:00:15]} Kf2 {[%emt
00:00:05]} 77. a8=Q {[%clk 01:01:56]} {[%emt 00:00:10]} e2 {[%clk 00:46:28]}
{[%emt 00:00:35]} 78. Nxe2 {[%clk 01:02:19]} {[%emt 00:00:07]} Kxe2 {[%clk
00:46:44]} {[%emt 00:00:13]} 79. Qa3 {[%clk 01:02:42]} {[%emt 00:00:08]} Kd2
{[%clk 00:47:03]} {[%emt 00:00:12]} 80. Qb3 {[%clk 01:03:01]} {[%emt 00:00:10]}
Ke2 {[%clk 00:47:16]} {[%emt 00:00:18]} 81. Qc3 {[%clk 01:03:25]} {[%emt
00:00:06]} Kd1 {[%clk 00:47:32]} {[%emt 00:00:14]} 82. Qb2 {[%clk 01:03:50]}
{[%emt 00:00:05]} Ke1 {[%clk 00:47:08]} {[%emt 00:00:52]} 83. Qc2 {[%clk
01:04:17]} {[%emt 00:00:04]} Kf1 {[%clk 00:47:36]} {[%emt 00:00:02]} 84. Qd2
{[%clk 01:04:43]} {[%emt 00:00:05]} Kg1 {[%clk 00:47:54]} {[%emt 00:00:11]} 85.
Qe2 {[%clk 01:05:11]} {[%emt 00:00:03]} Kh1 {[%clk 00:47:59]} {[%emt 00:00:25]}
86. Ke4 {[%clk 01:05:37]} {[%emt 00:00:03]} Kg1 {[%clk 00:48:21]} {[%emt
00:00:08]} 87. Kf3 {[%clk 01:06:03]} {[%emt 00:00:04]} Kh1 {[%clk 00:48:32]}
{[%emt 00:00:19]} 88. Qg2# {[%clk 01:06:28]} {[%emt 00:00:05]} 1-0

[Event "DVM U12w 2024"]
[Site "Bad Homburg GER"]
[Date "2024.12.27"]
[Round "2"]
[White "Ramien, Eva"]
[Black "Schindler, Amilia"]
[Result "1-0"]
[Termination "normal"]
[Board "10.2"]
[WhiteElo "1542"]
[BlackElo "790"]
[WhiteClock "00:11:27"]
[BlackClock "01:30:06"]
[WhiteTeam "SG Porz"]
[BlackTeam "SV Mülheim-Nord 1931"]
[PlyCount "137"]
[WhiteFideId "16275390"]
[BlackFideId "533018782"]
[EventCountry "GER"]
[EventRounds "7"]
[EventType "team-swiss"]
[EventDate "2024.12.26"]

1. e4 {[%clk 01:30:58]} e5 {[%clk 01:30:56]} {[%emt 00:00:06]} 2. Nf3 {[%clk
01:31:20]} {[%emt 00:00:07]} Nc6 {[%clk 01:31:21]} {[%emt 00:00:04]} 3. Bc4
{[%clk 01:31:39]} {[%emt 00:00:11]} Nf6 {[%clk 01:31:43]} {[%emt 00:00:08]} 4.
Nc3 {[%clk 01:32:00]} {[%emt 00:00:10]} Bc5 {[%clk 01:32:06]} {[%emt 00:00:07]}
5. d3 {[%clk 01:32:20]} {[%emt 00:00:11]} d6 {[%clk 01:32:28]} {[%emt
00:00:08]} 6. Bg5 {[%clk 01:32:27]} Bg4 {[%clk 01:32:50]} {[%emt 00:00:30]} 7.
Nd5 {[%clk 01:31:37]} Nd4 {[%clk 01:32:50]} 8. Nxf6+ {[%clk 01:31:37]} gxf6
{[%clk 01:33:00]} {[%emt 00:06:39]} 9. Be3 {[%clk 01:27:05]} Nxf3+ {[%clk
01:33:18]} {[%emt 00:01:15]} 10. gxf3 {[%clk 01:27:34]} {[%emt 00:00:02]} Bh3
{[%clk 01:33:25]} {[%emt 00:00:23]} 11. Bxc5 {[%clk 01:27:33]} dxc5 {[%clk
01:33:25]} 12. Qd2 {[%clk 01:27:33]} Qd7 {[%clk 01:33:25]} 13. a3 {[%clk
01:27:33]} O-O-O {[%clk 01:33:25]} 14. O-O-O {[%clk 01:27:33]} Qd4 {[%clk
01:34:22]} {[%emt 00:03:43]} 15. Qe3 {[%clk 01:24:22]} Qd6 {[%clk 01:33:59]}
{[%emt 00:03:55]} 16. Bxf7 {[%clk 01:24:09]} Qb6 {[%clk 01:33:38]} {[%emt
00:01:33]} 17. Bh5 {[%clk 01:22:39]} Rd6 {[%clk 01:33:32]} {[%emt 00:02:26]}
18. Bg4+ Bxg4 19. fxg4 {[%clk 01:21:40]} Qb5 {[%clk 01:33:25]} {[%emt
00:00:52]} 20. Qd2 {[%clk 01:20:29]} Rb6 {[%clk 01:33:40]} {[%emt 00:01:55]}
21. Qc3 {[%clk 01:18:47]} Rd8 {[%clk 01:30:34]} {[%emt 00:05:49]} 22. Qb3
{[%clk 01:17:25]} Qc6 {[%clk 01:30:29]} {[%emt 00:02:27]} 23. Qc3 {[%clk
01:16:39]} Rd4 {[%clk 01:30:39]} {[%emt 00:01:36]} 24. h4 {[%clk 01:00:48]} c4
{[%clk 01:30:41]} {[%emt 00:16:49]} 25. Rd2 {[%clk 00:52:01]} cxd3 {[%clk
01:30:35]} {[%emt 00:09:53]} 26. Qxc6 {[%clk 00:45:25]} Rxc6 {[%clk 01:30:57]}
{[%emt 00:07:15]} 27. Re1 {[%clk 00:43:11]} Rdc4 {[%clk 01:30:57]} 28. c3
{[%clk 00:42:58]} {[%emt 00:04:49]} Rd6 {[%clk 01:27:26]} {[%emt 00:03:08]} 29.
Re3 {[%clk 00:42:56]} {[%emt 00:00:32]} h6 {[%clk 01:25:20]} {[%emt 00:02:36]}
30. Rexd3 {[%clk 00:43:13]} {[%emt 00:00:14]} Rxd3 {[%emt 00:00:07]} 31. Rxd3
{[%clk 00:43:20]} {[%emt 00:00:20]} Rxe4 {[%clk 01:26:02]} {[%emt 00:00:14]}
32. f3 {[%clk 00:39:03]} {[%emt 00:04:47]} Re1+ {[%clk 01:26:15]} {[%emt
00:00:16]} 33. Kd2 {[%clk 00:35:57]} {[%emt 00:03:35]} Rh1 {[%clk 01:26:34]}
{[%emt 00:00:12]} 34. h5 {[%clk 00:35:32]} {[%emt 00:00:55]} c5 {[%clk
01:26:46]} {[%emt 00:00:19]} 35. Rd6 {[%clk 00:35:27]} {[%emt 00:00:25]} Rh2+
{[%emt 00:00:37]} 36. Kc1 {[%clk 00:35:32]} {[%emt 00:00:23]} Rh1+ {[%clk
01:27:06]} {[%emt 00:00:14]} 37. Kc2 {[%clk 00:35:49]} {[%emt 00:00:13]} b5
{[%clk 01:27:14]} {[%emt 00:00:22]} 38. Rc6+ {[%clk 00:34:56]} {[%emt
00:01:23]} Kb8 {[%clk 01:27:31]} {[%emt 00:00:13]} 39. Rxc5 {[%clk 00:35:08]}
{[%emt 00:00:18]} a6 {[%clk 01:27:43]} {[%emt 00:00:19]} 40. Rc6 {[%clk
00:34:48]} {[%emt 00:00:49]} Kb7 {[%clk 01:28:04]} {[%emt 00:00:11]} 41. Rxf6
{[%clk 00:34:34]} {[%emt 00:00:43]} Rh2+ {[%clk 01:28:20]} {[%emt 00:00:13]}
42. Kb3 {[%clk 00:34:20]} {[%emt 00:00:44]} a5 {[%clk 01:28:09]} {[%emt
00:00:42]} 43. Re6 {[%clk 00:33:27]} {[%emt 00:01:23]} a4+ {[%clk 01:28:23]}
{[%emt 00:00:16]} 44. Ka2 {[%clk 00:30:30]} {[%emt 00:03:27]} Rh4 {[%clk
01:25:46]} {[%emt 00:03:05]} 45. Rxe5 {[%clk 00:30:25]} {[%emt 00:00:36]} Kb6
{[%clk 01:25:51]} {[%emt 00:00:26]} 46. Rf5 {[%clk 00:28:56]} {[%emt 00:01:57]}
Rh1 {[%clk 01:25:46]} {[%emt 00:00:37]} 47. f4 {[%clk 00:27:39]} {[%emt
00:01:47]} Rh4 {[%clk 01:25:59]} {[%emt 00:00:18]} 48. Rf6+ {[%clk 00:27:24]}
{[%emt 00:00:45]} Kc5 {[%clk 01:26:23]} {[%emt 00:00:06]} 49. Rxh6 {[%clk
00:21:19]} {[%emt 00:06:34]} Rxg4 {[%clk 01:26:33]} {[%emt 00:00:21]} 50. Rf6
{[%clk 00:21:17]} {[%emt 00:00:28]} Rh4 {[%clk 01:26:37]} {[%emt 00:00:29]} 51.
h6 {[%clk 00:20:54]} {[%emt 00:00:53]} Kc4 {[%clk 01:26:25]} {[%emt 00:00:42]}
52. f5 {[%clk 00:19:47]} {[%emt 00:01:36]} Kd3 {[%clk 01:26:48]} {[%emt
00:00:07]} 53. Rb6 {[%emt 00:06:42]} Kc2 {[%clk 01:26:56]} {[%emt 00:00:21]}
54. Rxb5 {[%clk 00:13:16]} {[%emt 00:00:50]} Kc1 {[%clk 01:27:14]} {[%emt
00:00:12]} 55. f6 {[%clk 00:12:18]} {[%emt 00:01:28]} Rxh6 {[%clk 01:27:17]}
{[%emt 00:00:27]} 56. f7 {[%clk 00:11:04]} {[%emt 00:01:44]} Rf6 {[%clk
01:27:42]} {[%emt 00:00:04]} 57. Rb7 {[%clk 00:10:58]} {[%emt 00:00:33]} Rf2
{[%clk 01:27:47]} {[%emt 00:00:30]} 58. c4 {[%clk 00:10:08]} {[%emt 00:01:20]}
Kc2 {[%clk 01:27:21]} {[%emt 00:00:56]} 59. c5 {[%clk 00:09:51]} {[%emt
00:00:46]} Rf6 {[%clk 01:27:41]} {[%emt 00:00:10]} 60. c6 {[%clk 00:09:15]}
{[%emt 00:01:06]} Rxc6 {[%clk 01:28:00]} {[%emt 00:00:11]} 61. f8=Q {[%clk
00:09:21]} {[%emt 00:00:21]} Kc1 {[%clk 01:27:43]} {[%emt 00:00:50]} 62. Qf4+
{[%clk 00:09:01]} {[%emt 00:00:44]} Kd1 {[%clk 01:27:51]} {[%emt 00:00:30]} 63.
Qf3+ {[%clk 00:09:22]} {[%emt 00:00:09]} Kc1 {[%clk 01:28:07]} {[%emt
00:00:14]} 64. Qxc6+ {[%clk 00:09:40]} {[%emt 00:00:12]} Kd1 {[%clk 01:28:26]}
{[%emt 00:00:11]} 65. Rd7+ {[%clk 00:10:05]} {[%emt 00:00:05]} Ke1 {[%clk
01:28:52]} {[%emt 00:00:04]} 66. Qe6+ {[%clk 00:10:29]} {[%emt 00:00:06]} Kf2
{[%clk 01:29:19]} {[%emt 00:00:03]} 67. Rf7 {[%clk 00:10:51]} {[%emt 00:00:09]}
Kg3 {[%clk 01:29:42]} {[%emt 00:00:07]} 68. Qg6+ {[%clk 00:11:09]} {[%emt
00:00:12]} Kh4 {[%clk 01:30:06]} {[%emt 00:00:06]} 69. Rh7# {[%clk 00:11:27]}
{[%emt 00:00:12]} 1-0